| 000 | 00362cam a22001097a 4500 | ||
|---|---|---|---|
| 008 | 180718b1972 xxu||||| |||| 00| 0 eng d | ||
| 082 | _aR112x54 In2v/v16/Agv | ||
| 245 |
_aReport of the working group on agriculture _cby Committee on Umemployment |
||
| 260 |
_aNew Delhi _bVigyan Bhavan Annex _c1972 |
||
| 300 | _aiii, 76p | ||
| 700 | _aIndia, Committee on Umemployment | ||
| 999 |
_c495698 _d495698 |
||